000 00568nam a22001937a 4500
005 20170418161220.0
010 _aENG-117843
020 _a9788193114780
_c650.00
035 _aEN-101375
037 _bDBAD/PUB
082 _a954.57
100 _aSinha,Rajiv
245 _aHistory of Nagaland /
_cby Rajiv Sinha
260 _aDelhi
_bPrakashan Kendra
_c2016
270 _a1/11955,First Floor, Road N0-65,Subhas Marg,Shahdara
_bDelhi
_e110032
300 _av,144p. :
_b21cm(Hb)
_cill.
500 _aIncludes index
942 _2ddc
_cEN
_h954.57
_mSIN
999 _c138979
_d138979